=LDR 00000nam 2200000 4500 =001 NUTBA000000000005779 =005 20200911083554 =035 ##$$a 0010-111400000000258 =008 200911################g##########0#ind## =040 ##$$a NBPDMAT =082 ##$$a 139 =090 ##$$a 139 Soe b =100 ##$$a Soelarko, RM. =245 1#$$a Beberapa pengukuran cephalometrik pada tengkorak-tengkorak Indonesia sebagai dasar bagi norma-norma prothetik bangsa Indonesia /$c Prof. Dr. R.M.Soelarko =260 ##$$a Bandung :$b Angkasa,$c [ s.a ] =300 ##$$a 213 hlm : $b ilus ; $c 14,5x21 cm. =500 ##$$a Bibliografi hlm : 207 - 213 =650 #4$$a Frenologi =850 ##$$a NBPDMAT =084 ##$$a 139 SOE b =990 ##$$a 52.138 pro.93 =990 ##$$a 21415897 =990 ##$$a 21415898 =990 ##$$a 21415899 =990 ##$$a 21415900 =990 ##$$a 21415901 =990 ##$$a 52.140 pro.93